Statistiques concernant Villes de Colombie les plus peuplées

Cliquez ici pour prendre le quiz!

Statistiques générales

  • Ce quiz a été pris 236 fois
  • Le résultat moyen est 8 sur 22

Statistiques - réponses

DépartementPopulationRéponse% Correct
Cundinamarca8 181 047Bogotá
100%
Antioquia2 529 403Medellín
96%
Valle del Cauca2 445 281Santiago de Cali
88%
Atlántico1 232 766Barranquilla
67%
Bolívar1 036 412Cartagena
57%
Magdalena 507 324Santa Marta
43%
Santander528 683Bucaramanga
41%
Risaralda476 660Pereira
34%
Norte de Santander668 966Cucutá
28%
Quindío301 226Armenia
25%
Nariño455 863San Juan de Pasto
25%
Tolima569 346Ibagué
24%
Meta516 802Villavicencio
23%
Huila347 501Neiva
22%
Valle del Cauca423 927Buenaventura
20%
Caldas400 154Manizales
20%
Córdoba460 223Montería
19%
Cesar483 250Valledupar
16%
Cundinamarca544 997Soacha
11%
Atlántico666 109Soledad
10%
Valle del Cauca310 608Palmira
9%
Antioquia482 255Bello
7%

Distribution des résultats

Percentile par nombre de réponses

% des personnes avec chaque résultat

Votre développement - résultats

Vous n’avez pas pris ce quiz